000 00404cam a2200169ua 4500
020 _cRs.3/-
041 _ahin
_h
082 _a891.54
_bJAY/KA
100 _aJayakrishna chaudhari, .
245 _aKalidas /
_cJayakrishna.
_hTextual Documents
260 _a :
_bAtmanarayan and sons ,
_c1959.
300 _a161 ; .
365 _aRs.3/-
504 _a
942 _cBK
999 _c11639
_d11639